| 000 | 00811nam a22002177a 4500 | ||
|---|---|---|---|
| 003 | OSt | ||
| 005 | 20250728160238.0 | ||
| 008 | 250122b |||||||| |||| 00| 0 spa d | ||
| 020 | _a9789584526762 | ||
| 037 | _bDonación | ||
| 040 |
_aCO-JMCR _bspa _cCO-JMCR _dCO-JMCR _erda |
||
| 041 | 0 | _aspa | |
| 082 | 0 | 4 |
_223 _a158.1 _bH49a |
| 100 | 1 |
_aHendricks, Gay, _eautor _943959 |
|
| 245 | 1 | 0 |
_aAtrévase a dar el gran salto : _bConquiste sus miedos más recónditos para llevar su vida a otro nivel / _cGay Hendricks; traducción de Adriana de Hassán |
| 260 |
_aBogotá: _bGrupo Editorial Norma, _c2010. |
||
| 300 |
_a220 páginas; _c23 cm. |
||
| 500 | _aTítulo original: The Big Leap : Conquer Your Hidden Fear and Take Life to the Next Level | ||
| 700 |
_aHassán, Adriana de _etraductora _912691 |
||
| 942 |
_2ddc _cBK |
||
| 999 |
_c30900 _d17284 |
||